Eastern Utah Libraries Catalog: Duchesne, Heber, Roosevelt, & Vernal

This is orange : (Record no. 413129)

MARC details
000 -LEADER
fixed length control field 01818nam a2200325 i 4500
001 - CONTROL NUMBER
control field in903082956
005 - DATE AND TIME OF LATEST TRANSACTION
control field 20251031113526.0
008 - FIXED-LENGTH DATA ELEMENTS--GENERAL INFORMATION
fixed length control field 251010s2025 maua b 000 0 eng d
040 ## - CATALOGING SOURCE
Original cataloging agency TnLvILS
Language of cataloging eng
Transcribing agency TnLvILS
Description conventions rda
020 ## - INTERNATIONAL STANDARD BOOK NUMBER
International Standard Book Number 9781536230529
Qualifying information (hardback)
035 ## - SYSTEM CONTROL NUMBER
System control number (OCoLC)1482667182
050 #4 - LIBRARY OF CONGRESS CALL NUMBER
Classification number QC495.5
Item number .P655 2025
082 04 - DEWEY DECIMAL CLASSIFICATION NUMBER
Classification number 535.6
Edition number 23/eng/20251010
100 1# - MAIN ENTRY--PERSONAL NAME
Personal name Poliquin, Rachel,
Dates associated with a name 1975-
Relator term author.
9 (RLIN) 6554813
245 10 - TITLE STATEMENT
Title This is orange :
Remainder of title a field trip through color /
Statement of responsibility, etc Rachel Poliquin ; illustrated by Julie Morstad.
250 ## - EDITION STATEMENT
Edition statement First edition.
264 #1 - Production, Publication, Distribution, Manufacture, and Copyright Notice.
Place of production, publication, distribution, manufacture Somerville, Massachusetts :
Name of producer, publisher, distributor, manufacturer Candlewick Press,
Date of production, publication, distribution, manufacture, or copyr 2025.
300 ## - PHYSICAL DESCRIPTION
Extent 1 volume (unpaged) :
Other physical details color illustrations ;
Dimensions 30 cm
336 ## - Content Type
Content type term text
336 ## - Content Type
Content type term still image
337 ## - Media type
Media type term unmediated
338 ## - Carrier type
Carrier type term volume
520 ## - SUMMARY, ETC.
Summary, etc "The color orange is all around you, not only in the natural world--from fruit and foxes to minerals and mushrooms--but in the human-engineered world, too, from works of art to religious ceremonies to astronaut survival suits. Ranging through time and circumnavigating the globe, ... stream-of-consciousness text and jaunty illustrations explore color through surprising social, historical, cultural, and artistic lenses. With more than thirty vivid examples and a gentle introduction to color theory, this eye-opening voyage into the heart of orange is [an] ... appeal to experience other colors--and the world at large--with an open and expansive mind"--
-- Provided by publisher.
650 #0 - SUBJECT ADDED ENTRY--TOPICAL TERM
Topical term or geographic name as entry element Orange (Color)
Form subdivision Juvenile literature.
9 (RLIN) 5678529
650 #0 - SUBJECT ADDED ENTRY--TOPICAL TERM
Topical term or geographic name as entry element Color
Form subdivision Juvenile literature.
9 (RLIN) 5678530
650 #1 - SUBJECT ADDED ENTRY--TOPICAL TERM
Topical term or geographic name as entry element Orange (Color)
650 #1 - SUBJECT ADDED ENTRY--TOPICAL TERM
Topical term or geographic name as entry element Colors.
655 #7 - INDEX TERM--GENRE/FORM
Genre/form data or focus term Picture books.
Source of term lcgft
700 1# - ADDED ENTRY--PERSONAL NAME
Personal name Morstad, Julie,
Relator term illustrator.
9 (RLIN) 5987717
Holdings
Withdrawn status Lost status Source of classification or shelving scheme Damaged status Not for loan Collection code Home library Current library Shelving location Date acquired Source of acquisition Total Checkouts Full call number Barcode Date last seen Date checked out Cost, replacement price Price effective from Koha item type
    Dewey Decimal Classification     Children NonFiction Wasatch County Library Wasatch County Library Main Floor Childrens Area 11/14/2025 Ingram 1 E Art Colors Poliquinn 34301002172924 12/09/2025 11/25/2025 18.99 11/14/2025 BOOK
This project was made possible through a grant from the Institute of Museum and Library Service administered by the Utah State Library Division.

Wasatch County Library

  • 465 East 1200 South, Heber City, Utah 84032
  • Phone 435-654-1511 | Fax 435-654-6456

Hours

  • Monday - Friday 9:30 AM - 8:00 PM
  • Saturday 9:30 AM - 1:30 PM
  • Closed Sundays and Holidays